| 000 | 01547cam a2200349 a 4500 | ||
|---|---|---|---|
| 001 | 4468869 | ||
| 003 | OSt | ||
| 005 | 20240719113605.0 | ||
| 008 | 960118s1996 nyua b 001 0 eng | ||
| 010 | _a 96000523 | ||
| 020 | _a0807735388 (cloth : alk. paper) | ||
| 020 | _a080773537X (pbk. : alk. paper) | ||
| 040 |
_aDLC _cMUST _dDLC |
||
| 043 | _an-us--- | ||
| 082 | _a306.42 WHO 1996 | ||
| 245 | 0 | 0 |
_aWho chooses? who loses? : _bculture, institutions, and the unequal effects of school choice / _cedited by Bruce Fuller and Richard F. Elmore with Gary Orfield ; foreword by Carol H. Weiss. |
| 260 |
_aNew York : _bTeachers College Press, _c1996. |
||
| 300 |
_ax, 213 p. : _bill. ; _c24 cm. |
||
| 490 | 1 | _aSociology of education series | |
| 500 | _a"This book stems from empirical papers presented at the Harvard School Choice and Family Seminar, which began at the School of Education in 1992"--P. ix. | ||
| 504 | _aIncludes bibliographical references and index. | ||
| 650 | 0 |
_aSchool choice _xSocial aspects _zUnited States. _918903 |
|
| 650 | 0 |
_aEducational equalization _zUnited States. _918904 |
|
| 650 | 0 |
_aEducation _xPolitical aspects _zUnited States. _918905 |
|
| 700 | 1 |
_aFuller, Bruce. _9546 |
|
| 700 | 1 |
_aElmore, Richard F. _918906 |
|
| 700 | 1 |
_aOrfield, Gary. _918907 |
|
| 830 | 0 |
_aSociology of education series (New York, N.Y.) _918908 |
|
| 906 |
_a7 _bcbc _corignew _d1 _eocip _f19 _gy-gencatlg |
||
| 942 |
_2ddc _cO_SHELF |
||
| 999 |
_c9251 _d9251 |
||